| Tag |
First Indicator |
Second Indicator |
Subfields |
| LEADER |
00000cam a22000001i 4500 |
| 001 |
in00004134513 |
| 005 |
20200117091007.0 |
| 006 |
m d f |
| 007 |
cr bn mmmapmmp |
| 008 |
091109s1981 dcu o f000 0 eng d |
| 035 |
|
|
|a cis2007529138
|
| 040 |
|
|
|a UMI
|b eng
|e rda
|c UMI
|d UtOrBLW
|
| 110 |
1 |
|
|a United States.
|b Congress.
|b Senate.
|b Committee on Commerce, Science, and Transportation,
|e issuing body.
|0 http://id.loc.gov/authorities/names/n81096151
|
| 245 |
1 |
0 |
|a House/Senate Conference on S. 304, National Tourism Policy Act.
|
| 264 |
|
1 |
|a [Washington :
|b U.S. G.P.O.],
|c 1981.
|
| 300 |
|
|
|a 12 pages, digital, PDF file.
|
| 336 |
|
|
|a text
|2 rdacontent
|b txt
|
| 337 |
|
|
|a computer
|b c
|2 rdamedia
|
| 338 |
|
|
|a online resource
|2 rdacarrier
|b cr
|
| 500 |
|
|
|a Record is based on bibliographic data in ProQuest Congressional Hearings Digital Collection (last viewed July 2018) Reuse except for individual research requires license from ProQuest, LLC.
|
| 520 |
|
|
|a Joint meeting to consider S. 304, the National Tourism Policy Act, to establish a national tourism policy and a U.S. Travel and Tourism Administration within the Department of Commerce.
|
| 538 |
|
|
|a System requirements: PDF reader software.
|
| 500 |
|
|
|a Electronic resource.
|
| 610 |
1 |
0 |
|a United States.
|b Department of Commerce.
|0 http://id.loc.gov/authorities/names/n79071034
|
| 610 |
2 |
0 |
|a United States Travel and Tourism Administration.
|0 http://id.loc.gov/authorities/names/n82081561
|
| 650 |
|
0 |
|a Tourism.
|0 http://id.loc.gov/authorities/subjects/sh85136255
|
| 710 |
1 |
|
|a United States.
|b Congress.
|b House.
|b Committee on Energy and Commerce,
|e other agent associated with work.
|0 http://id.loc.gov/authorities/names/n81050896
|
| 710 |
1 |
|
|a United States.
|b Congress.
|b Senate.
|b Committee on Commerce, Science, and Transportation.
|b Subcommittee on Business, Trade, and Tourism,
|e other agent associated with work.
|0 http://id.loc.gov/authorities/names/n81078192
|
| 730 |
0 |
|
|a ProQuest U.S. Congressional Hearings Digital Collection.
|
| 776 |
0 |
8 |
|a United States. Congress. Senate. Committee on Commerce, Science, and Transportation.
|t House/Senate Conference on S. 304, National Tourism Policy Act.
|o 97 JC-T.15
|
| 856 |
4 |
0 |
|u http://proxy.library.tamu.edu/login?url=http://congressional.proquest.com/congcomp/getdoc?HEARING-ID=HRG-1981-CST-0097
|y Electronic resource (PDF)
|t 0
|
| 999 |
f |
f |
|s 66c1481d-e72b-3390-a1c7-b81577a48710
|i a11c45a0-3eda-31bd-9df2-0d839a867c25
|t 0
|
| 952 |
f |
f |
|a Texas A&M University
|b College Station
|c Electronic Resources
|d Available Online
|t 0
|h No information provided
|
| 998 |
f |
f |
|t 0
|l Available Online
|